000 00503nam a2200181Ia 4500
005 20250508162323.0
008 008 250505s9999 xx 000 0 eng d
037 _aTextual
040 _aFEDL
_beng
_cFEDL
041 _aeng
_2eng
084 _a294.5, MIS
_qFEDL
100 _aMishr Ram Prasad
_9400287
245 0 _aHinduism : The fath of the future
260 _aDelhi, India
_bS. S. Publications
_c1981
300 _a134p.
942 _cTEXL
_h294.5, MIS
999 _c1375816
_d1375816